Statistics for Cowboys all-time best players

Click here to take the quiz!

General Stats

  • This quiz has been taken 25 times
  • The average score is 7 of 14

Answer Stats

PosAnswer% Correct
RBEmmitt Smith
96%
WRMichael Irvin
88%
CBDeion Sanders
83%
QBRoger Staubach
83%
TEJason Witten
79%
IOLLarry Allen
58%
DTBob Lilly
46%
LBDeMarcus Ware
46%
EDGEEd Jones
42%
SDarren Woodson
25%
OTRayfield Wright
21%
CMark Stepnoski
13%
PMatt McBriar
4%
KRafael Septien
4%

Score Distribution

Percentile by Number Answered

Percent of People with Each Score

Your Score History

You have not taken this quiz